000 00306nam a2200121Ia 4500
008 240731s9999 xx 000 0 und d
022 _a1547-3341
245 0 _aLanguage Learning and Development
260 _bRoutledge
856 _uhttps://www.tandfonline.com/loi/hlld20
942 _2ddc
942 _cTFEJ
999 _c78398
_d78398
945 _a1
_bMadushi Gamage
_c1
_dMadushi Gamage